[Event "Campeonato de España Veteranos 2017"]
[Site "Altea"]
[Date "2017.10.09"]
[Round "3"]
[White "Clari Mascarell, Jose Javier"]
[Black "Elissalt Cardenas, Hector"]
[Result "0-1"]
[Board "5"]
[WhiteElo "2047"]
[WhiteCountry "ESP"]
[WhiteFideId "2207486"]
[WhiteEloChange "-3"]
[BlackTitle "IM"]
[BlackElo "2324"]
[BlackCountry "ESP"]
[BlackFideId "3500632"]
[BlackEloChange "3"]

1. d4 {[%clk 1:28:00]} Nf6 {[%clk 1:30:13]} 2. Nf3 {[%clk 1:28:27]} e6 {[%clk
1:30:28]} 3. Bg5 {[%clk 1:28:42]} h6 {[%clk 1:30:50]} 4. Bh4 {[%clk 1:16:34]} d6
{[%clk 1:29:04]} 5. Nbd2 {[%clk 1:16:20]} Nbd7 {[%clk 1:28:29]} 6. e3 {[%clk
1:11:54]} b6 {[%clk 1:27:52]} 7. Bd3 {[%clk 1:06:49]} Bb7 {[%clk 1:28:08]} 8. O-O
{[%clk 1:07:13]} g5 {[%clk 1:23:43]} 9. Bg3 {[%clk 1:07:42]} Nh5 {[%clk 1:24:00]}
10. e4 {[%clk 0:57:26]} Bg7 {[%clk 1:22:43]} 11. c3 {[%clk 0:57:43]} Nxg3 {[%clk
1:14:31]} 12. hxg3 {[%clk 0:57:05]} h5 {[%clk 1:04:10]} 13. Qe2 {[%clk 0:51:40]}
g4 {[%clk 0:54:31]} 14. Ne1 {[%clk 0:34:55]} Qg5 {[%clk 0:47:36]} 15. Qe3 {[%clk
0:32:40]} Qxe3 {[%clk 0:45:11]} 16. fxe3 {[%clk 0:33:09]} Bh6 {[%clk 0:45:40]}
17. Kf2 {[%clk 0:32:22]} Bg5 {[%clk 0:46:02]} 18. Rh1 {[%clk 0:24:49]} Ke7 {[%clk
0:46:16]} 19. Nc2 {[%clk 0:24:37]} Rh6 {[%clk 0:45:37]} 20. Rh2 {[%clk 0:10:41]}
Rah8 {[%clk 0:45:36]} 21. Rah1 {[%clk 0:10:47]} c5 {[%clk 0:44:41]} 22. Nf1
{[%clk 0:07:48]} c4 {[%clk 0:44:06]} 23. Bxc4 {[%clk 0:08:06]} Bxe4 {[%clk
0:44:34]} 24. Ne1 {[%clk 0:08:34]} Nf6 {[%clk 0:39:38]} 25. Nd2 {[%clk 0:07:09]}
h4 {[%clk 0:35:15]} 26. Ke2 {[%clk 0:02:02]} h3 {[%clk 0:32:46]} 27. Rg1 {[%clk
0:01:26]} Bb7 {[%clk 0:30:57]} 28. gxh3 {[%clk 0:01:33]} gxh3 {[%clk 0:26:34]}
29. g4 {[%clk 0:01:51]} Rh4 {[%clk 0:26:34]} 30. Nef3 {[%clk 0:01:49]} Nxg4
{[%clk 0:16:15]} 31. Nxh4 {[%clk 0:01:39]} Nxh2 {[%clk 0:16:42]} 32. Rxg5 {[%clk
0:01:33]} Rxh4 {[%clk 0:17:01]} 33. Kf2 {[%clk 0:00:34]} Ng4+ {[%clk 0:16:01]}
34. Kg3 {[%clk 0:00:35]} h2 {[%clk 0:15:40]} 0-1

[Event "Campeonato de España Veteranos 2017"]
[Site "Altea"]
[Date "2017.10.09"]
[Round "3"]
[White "Garcia Fernandez, Carlos"]
[Black "Ramos Ferrandiz, Juan Carlos"]
[Result "1-0"]
[Board "6"]
[WhiteTitle "IM"]
[WhiteElo "2264"]
[WhiteCountry "ESP"]
[WhiteFideId "2200660"]
[WhiteEloChange "5"]
[BlackElo "2073"]
[BlackCountry "ESP"]
[BlackFideId "2222930"]
[BlackEloChange "-5"]

1. e4 {[%clk 1:24:09]} c6 {[%clk 1:30:47]} 2. c4 {[%clk 1:24:32]} d5 {[%clk
1:31:02]} 3. exd5 {[%clk 1:24:39]} cxd5 {[%clk 1:31:21]} 4. cxd5 {[%clk 1:24:59]}
Nf6 {[%clk 1:31:35]} 5. Qa4+ {[%clk 1:24:48]} Nbd7 {[%clk 1:31:42]} 6. Nc3 {[%clk
1:25:08]} g6 {[%clk 1:31:46]} 7. Nf3 {[%clk 1:23:58]} Bg7 {[%clk 1:32:05]} 8. Bc4
{[%clk 1:24:03]} O-O {[%clk 1:31:59]} 9. d3 {[%clk 1:24:20]} a6 {[%clk 1:31:28]}
10. Qa3 {[%clk 1:23:00]} b6 {[%clk 1:29:56]} 11. O-O {[%clk 1:19:52]} Bb7 {[%clk
1:30:11]} 12. Re1 {[%clk 1:20:01]} Re8 {[%clk 1:30:12]} 13. Be3 {[%clk 1:15:26]}
Rc8 {[%clk 1:18:22]} 14. Rac1 {[%clk 1:09:20]} b5 {[%clk 1:05:10]} 15. Bb3 {[%clk
1:09:23]} Nb6 {[%clk 1:03:42]} 16. d6 {[%clk 1:08:49]} e6 {[%clk 0:38:18]} 17.
Ne4 {[%clk 0:59:23]} Nbd5 {[%clk 0:31:03]} 18. Bg5 {[%clk 0:53:40]} Rxc1 {[%clk
0:26:59]} 19. Rxc1 {[%clk 0:52:30]} b4 {[%clk 0:19:23]} 20. Qa4 {[%clk 0:51:01]}
Rf8 {[%clk 0:14:48]} 21. Ne5 {[%clk 0:42:26]} h6 {[%clk 0:09:12]} 22. Bxf6 {[%clk
0:36:03]} Bxf6 {[%clk 0:06:13]} 23. Nd7 {[%clk 0:35:46]} Bxb2 {[%clk 0:04:07]}
24. Rc2 {[%clk 0:33:21]} Nc3 {[%clk 0:02:59]} 25. Nxc3 {[%clk 0:32:15]} bxc3
{[%clk 0:02:30]} 26. Nxf8 {[%clk 0:32:10]} Qxd6 {[%clk 0:00:47]} 27. Nxe6 {[%clk
0:30:58]} 1-0

[Event "Campeonato de España Veteranos 2017"]
[Site "Altea"]
[Date "2017.10.09"]
[Round "3"]
[White "Gordero Montoya, Felix"]
[Black "Cantero Navarro, Antonio"]
[Result "0-1"]
[Board "8"]
[WhiteElo "1963"]
[WhiteCountry "ESP"]
[WhiteFideId "2201593"]
[WhiteEloChange "-5"]
[BlackElo "2153"]
[BlackCountry "ESP"]
[BlackFideId "2203235"]
[BlackEloChange "5"]

1. e4 {[%clk 1:30:30]} c5 {[%clk 1:30:50]} 2. Nf3 {[%clk 1:30:57]} Nc6 {[%clk
1:31:14]} 3. d4 {[%clk 1:31:00]} cxd4 {[%clk 1:31:38]} 4. Nxd4 {[%clk 1:29:48]}
g6 {[%clk 1:31:59]} 5. Be2 {[%clk 1:29:11]} Bg7 {[%clk 1:32:16]} 6. Be3 {[%clk
1:29:05]} Nf6 {[%clk 1:31:39]} 7. Nc3 {[%clk 1:25:40]} O-O {[%clk 1:31:58]} 8. a4
{[%clk 1:23:35]} d5 {[%clk 1:23:26]} 9. exd5 {[%clk 1:19:33]} Nxd5 {[%clk
1:19:27]} 10. Nxd5 {[%clk 1:18:45]} Qxd5 {[%clk 1:19:41]} 11. Nxc6 {[%clk
1:15:47]} Qxc6 {[%clk 1:19:45]} 12. Bf3 {[%clk 1:14:52]} Qa6 {[%clk 1:19:45]} 13.
c3 {[%clk 1:14:41]} Be6 {[%clk 1:18:39]} 14. Be2 {[%clk 1:12:56]} Bc4 {[%clk
1:18:49]} 15. Bxc4 {[%clk 1:13:09]} Qxc4 {[%clk 1:19:13]} 16. Qe2 {[%clk
1:13:30]} Bxc3+ {[%clk 1:19:30]} 17. Kf1 {[%clk 1:10:36]} Qxe2+ {[%clk 1:18:27]}
18. Kxe2 {[%clk 1:10:55]} Be5 {[%clk 1:00:04]} 19. Rac1 {[%clk 1:10:53]} Rfc8
{[%clk 0:55:34]} 20. Rhd1 {[%clk 1:05:35]} a6 {[%clk 0:19:16]} 21. Bb6 {[%clk
0:55:41]} Kf8 {[%clk 0:14:11]} 22. Rxc8+ {[%clk 0:53:04]} Rxc8 {[%clk 0:14:06]}
23. Rd7 {[%clk 0:49:50]} Rc2+ {[%clk 0:16:14]} 24. Rd2 {[%clk 0:49:50]} Rxd2+
{[%clk 0:16:14]} 25. Kxd2 {[%clk 0:48:11]} Bxb2 {[%clk 0:16:32]} 26. Ke2 {[%clk
0:48:11]} 0-1

[Event "Campeonato de España Veteranos 2017"]
[Site "Altea"]
[Date "2017.10.09"]
[Round "3"]
[White "Vinal Gutierrez, Pedro"]
[Black "Celaya Tapiz, Jose Maria"]
[Result "1/2-1/2"]
[Board "10"]
[WhiteElo "2041"]
[WhiteCountry "ESP"]
[WhiteFideId "2212870"]
[WhiteEloChange "4"]
[BlackElo "2196"]
[BlackCountry "ESP"]
[BlackFideId "2256703"]
[BlackEloChange "-4"]

1. d4 {[%clk 1:30:56]} Nf6 {[%clk 1:30:47]} 2. Bf4 {[%clk 1:30:56]} d6 {[%clk
1:30:34]} 3. e3 {[%clk 1:31:13]} g6 {[%clk 1:30:54]} 4. h3 {[%clk 1:31:00]} Bg7
{[%clk 1:31:11]} 5. Nf3 {[%clk 1:31:04]} O-O {[%clk 1:31:27]} 6. Be2 {[%clk
1:29:03]} b6 {[%clk 1:26:34]} 7. O-O {[%clk 1:28:00]} Nc6 {[%clk 1:25:11]} 8. c4
{[%clk 1:26:34]} Bb7 {[%clk 1:18:58]} 9. Nc3 {[%clk 1:26:04]} Nb8 {[%clk
1:19:08]} 10. Qc2 {[%clk 1:24:04]} Nbd7 {[%clk 1:19:24]} 11. b4 {[%clk 1:23:20]}
Re8 {[%clk 1:18:06]} 12. Bh2 {[%clk 1:22:22]} e5 {[%clk 1:06:31]} 13. d5 {[%clk
1:16:31]} h6 {[%clk 1:01:57]} 14. Nd2 {[%clk 1:12:35]} Nh7 {[%clk 0:59:47]} 15.
e4 {[%clk 1:10:58]} Rf8 {[%clk 0:53:00]} 16. Bg4 {[%clk 1:10:43]} Ndf6 {[%clk
0:51:59]} 17. Bf3 {[%clk 1:08:00]} Bc8 {[%clk 0:49:40]} 18. c5 {[%clk 1:07:24]}
Ne8 {[%clk 0:46:57]} 19. Nc4 {[%clk 1:02:45]} f5 {[%clk 0:47:02]} 20. cxd6 {[%clk
1:02:44]} cxd6 {[%clk 0:47:11]} 21. Rac1 {[%clk 0:58:08]} Ng5 {[%clk 0:46:01]}
22. Be2 {[%clk 0:57:40]} fxe4 {[%clk 0:46:03]} 23. Nxe4 {[%clk 0:56:56]} Nxe4
{[%clk 0:45:25]} 24. Qxe4 {[%clk 0:57:18]} Qg5 {[%clk 0:45:25]} 25. f4 {[%clk
0:54:28]} Bf5 {[%clk 0:23:21]} 26. Qxe5 {[%clk 0:53:50]} Bxe5 {[%clk 0:23:17]}
27. fxg5 {[%clk 0:54:08]} Bxh2+ {[%clk 0:23:21]} 28. Kxh2 {[%clk 0:54:27]} hxg5
{[%clk 0:23:31]} 29. Bf3 {[%clk 0:50:08]} Rc8 {[%clk 0:22:39]} 30. Ne3 {[%clk
0:49:51]} Nf6 {[%clk 0:22:21]} 31. Rc6 {[%clk 0:48:52]} Rcd8 {[%clk 0:22:07]} 32.
Rfc1 {[%clk 0:48:02]} Rf7 {[%clk 0:22:10]} 33. a4 {[%clk 0:47:00]} Kf8 {[%clk
0:20:56]} 34. a5 {[%clk 0:46:56]} bxa5 {[%clk 0:21:22]} 35. bxa5 {[%clk 0:47:16]}
Ne8 {[%clk 0:21:26]} 36. Bg4 {[%clk 0:45:34]} Bd3 {[%clk 0:17:13]} 37. Be6 {[%clk
0:45:21]} Rf4 {[%clk 0:17:09]} 38. R6c3 {[%clk 0:44:05]} Bb5 {[%clk 0:17:20]} 39.
Rb1 {[%clk 0:43:42]} a6 {[%clk 0:17:34]} 40. Ng4 {[%clk 0:42:57]} Nf6 {[%clk
0:15:39]} 41. Nxf6 {[%clk 0:42:10]} Rxf6 {[%clk 0:16:08]} 42. Rc7 {[%clk
0:41:43]} Re8 {[%clk 0:15:34]} 43. Rb3 {[%clk 0:37:38]} Re7 {[%clk 0:15:48]} 44.
Rc8+ {[%clk 0:36:40]} Re8 {[%clk 0:16:02]} 45. Rc7 {[%clk 0:36:42]} Re7 {[%clk
0:16:31]} 46. Rc8+ {[%clk 0:30:23]} Re8 {[%clk 0:16:59]} 47. Rxe8+ {[%clk
0:29:06]} Kxe8 {[%clk 0:17:18]} 48. Rg3 {[%clk 0:29:15]} Kf8 {[%clk 0:17:08]} 49.
Rxg5 {[%clk 0:27:47]} Kg7 {[%clk 0:17:37]} 50. Rg3 {[%clk 0:27:28]} Rf4 {[%clk
0:17:55]} 51. Rg4 {[%clk 0:26:03]} Rf1 {[%clk 0:17:55]} 52. Rg3 {[%clk 0:26:03]}
Kh6 {[%clk 0:16:01]} 53. Rf3 {[%clk 0:25:33]} Ra1 {[%clk 0:16:11]} 54. g4 {[%clk
0:25:36]} Kg5 {[%clk 0:15:42]} 55. Kg3 {[%clk 0:25:16]} Rg1+ {[%clk 0:16:10]} 56.
Kh2 {[%clk 0:25:30]} Ra1 {[%clk 0:16:32]} 57. Kg3 {[%clk 0:25:53]} Rg1+ {[%clk
0:17:00]} 58. Kh2 {[%clk 0:25:53]} 1/2-1/2

[Event "Campeonato de España Veteranos 2017"]
[Site "Altea"]
[Date "2017.10.09"]
[Round "3"]
[White "Pastor Alonso De Prado, Alberto"]
[Black "Vallbona Domingo, Joan"]
[Result "1-0"]
[Board "12"]
[WhiteElo "2131"]
[WhiteCountry "ESP"]
[WhiteFideId "2255740"]
[WhiteEloChange "4"]
[BlackElo "1889"]
[BlackCountry "ESP"]
[BlackFideId "2291487"]
[BlackEloChange "-4"]

1. e4 {[%clk 1:29:09]} c5 {[%clk 1:30:55]} 2. c3 {[%clk 1:29:30]} Nf6 {[%clk
1:31:20]} 3. e5 {[%clk 1:29:54]} Nd5 {[%clk 1:31:45]} 4. d4 {[%clk 1:30:04]} cxd4
{[%clk 1:32:09]} 5. Nf3 {[%clk 1:29:41]} e6 {[%clk 1:32:27]} 6. cxd4 {[%clk
1:30:01]} b6 {[%clk 1:32:28]} 7. Nc3 {[%clk 1:30:09]} Nxc3 {[%clk 1:32:52]} 8.
bxc3 {[%clk 1:30:32]} Qc7 {[%clk 1:33:16]} 9. Bd2 {[%clk 1:30:26]} Be7 {[%clk
1:33:35]} 10. Bd3 {[%clk 1:29:59]} Ba6 {[%clk 1:33:51]} 11. Bxa6 {[%clk 1:30:22]}
Nxa6 {[%clk 1:34:19]} 12. O-O {[%clk 1:29:33]} O-O {[%clk 1:34:39]} 13. Qe2
{[%clk 1:27:51]} Qb7 {[%clk 1:34:38]} 14. Bg5 {[%clk 1:23:12]} f6 {[%clk
1:31:05]} 15. exf6 {[%clk 1:23:35]} Bxf6 {[%clk 1:30:15]} 16. Bxf6 {[%clk
1:21:58]} gxf6 {[%clk 1:22:53]} 17. a4 {[%clk 1:13:47]} Nb8 {[%clk 1:15:53]} 18.
Rfb1 {[%clk 1:08:00]} Qc7 {[%clk 1:14:14]} 19. a5 {[%clk 1:01:48]} bxa5 {[%clk
1:12:26]} 20. c4 {[%clk 0:57:57]} Nc6 {[%clk 0:54:20]} 21. d5 {[%clk 0:54:19]}
exd5 {[%clk 0:38:47]} 22. cxd5 {[%clk 0:54:28]} Nb4 {[%clk 0:38:56]} 23. Qb5
{[%clk 0:49:10]} Rab8 {[%clk 0:37:24]} 24. Qxa5 {[%clk 0:49:21]} Qxa5 {[%clk
0:37:17]} 25. Rxa5 {[%clk 0:49:41]} Nxd5 {[%clk 0:37:41]} 26. Rba1 {[%clk
0:50:02]} Nc7 {[%clk 0:33:47]} 27. Rxa7 {[%clk 0:42:06]} Ra8 {[%clk 0:33:47]} 28.
g4 {[%clk 0:42:23]} Rfc8 {[%clk 0:33:13]} 29. Kg2 {[%clk 0:42:17]} Rxa7 {[%clk
0:29:00]} 30. Rxa7 {[%clk 0:42:39]} d6 {[%clk 0:25:01]} 31. Nd4 {[%clk 0:42:43]}
Kf8 {[%clk 0:24:28]} 32. Nf3 {[%clk 0:42:43]} 1-0

[Event "Campeonato de España Veteranos 2017"]
[Site "Altea"]
[Date "2017.10.09"]
[Round "3"]
[White "Fos Santacreu, Juan Andres"]
[Black "De Lucas Bello, Federico"]
[Result "1/2-1/2"]
[Board "15"]
[WhiteTitle "FM"]
[WhiteElo "2140"]
[WhiteCountry "ESP"]
[WhiteFideId "2205211"]
[WhiteEloChange "-4"]
[BlackElo "1988"]
[BlackCountry "ESP"]
[BlackFideId "2218259"]
[BlackEloChange "4"]

1. d4 {[%clk 1:29:26]} Nf6 {[%clk 1:30:10]} 2. Bg5 {[%clk 1:29:51]} Ne4 {[%clk
1:30:10]} 3. Bh4 {[%clk 1:30:07]} c5 {[%clk 1:29:33]} 4. f3 {[%clk 1:23:25]} g5
{[%clk 1:29:43]} 5. fxe4 {[%clk 1:21:49]} gxh4 {[%clk 1:29:56]} 6. e3 {[%clk
1:22:01]} Nc6 {[%clk 1:27:24]} 7. c3 {[%clk 0:46:15]} Bh6 {[%clk 1:24:59]} 8. Nf3
{[%clk 0:39:06]} e6 {[%clk 1:22:14]} 9. d5 {[%clk 0:37:54]} Ne7 {[%clk 1:18:25]}
10. Na3 {[%clk 0:37:34]} Ng6 {[%clk 1:17:01]} 11. Bd3 {[%clk 0:25:01]} O-O {[%clk
1:14:46]} 12. Kf2 {[%clk 0:18:23]} a6 {[%clk 1:12:23]} 13. c4 {[%clk 0:11:35]}
Qf6 {[%clk 1:11:55]} 14. Rb1 {[%clk 0:11:10]} Ne5 {[%clk 1:11:55]} 15. Nc2 {[%clk
0:11:10]} Kh8 {[%clk 1:09:18]} 16. Ke2 {[%clk 0:10:39]} Rg8 {[%clk 1:04:26]} 17.
Qf1 {[%clk 0:10:18]} b5 {[%clk 1:00:32]} 18. Nxe5 {[%clk 0:07:47]} Qxe5 {[%clk
1:00:27]} 19. Qf3 {[%clk 0:07:22]} exd5 {[%clk 0:59:26]} 20. exd5 {[%clk
0:07:44]} d6 {[%clk 0:59:20]} 21. Qe4 {[%clk 0:07:37]} Qh5+ {[%clk 0:54:10]} 22.
Kd2 {[%clk 0:07:27]} f5 {[%clk 0:53:02]} 23. Qf3 {[%clk 0:07:30]} Qf7 {[%clk
0:52:13]} 24. Rbf1 {[%clk 0:06:46]} f4 {[%clk 0:51:36]} 25. exf4 {[%clk 0:06:38]}
bxc4 {[%clk 0:51:14]} 26. Bxc4 {[%clk 0:06:42]} Bg4 {[%clk 0:47:38]} 27. Qf2
{[%clk 0:06:42]} Qf6 {[%clk 0:46:48]} 28. Rhg1 {[%clk 0:06:43]} Qxb2 {[%clk
0:44:25]} 29. Rb1 {[%clk 0:06:06]} Qf6 {[%clk 0:44:53]} 30. g3 {[%clk 0:06:17]}
Bg7 {[%clk 0:42:00]} 31. Rb3 {[%clk 0:06:40]} Rab8 {[%clk 0:42:05]} 32. Rgb1
{[%clk 0:07:10]} Rxb3 {[%clk 0:41:33]} 33. Rxb3 {[%clk 0:07:33]} a5 {[%clk
0:41:00]} 34. Qe3 {[%clk 0:06:48]} hxg3 {[%clk 0:40:39]} 35. hxg3 {[%clk
0:07:14]} h5 {[%clk 0:40:06]} 36. Bd3 {[%clk 0:07:08]} Bh6 {[%clk 0:38:54]} 37.
Rb7 {[%clk 0:07:15]} Bf5 {[%clk 0:38:54]} 1/2-1/2

[Event "Campeonato de España Veteranos 2017"]
[Site "Altea"]
[Date "2017.10.10"]
[Round "4"]
[White "Serrano Marhuenda, Salvador"]
[Black "Campos Gambuti, Luis Maria"]
[Result "0-1"]
[Board "1"]
[WhiteTitle "CM"]
[WhiteElo "2012"]
[WhiteCountry "ESP"]
[WhiteFideId "2201429"]
[WhiteEloChange "-2"]
[BlackTitle "IM"]
[BlackElo "2413"]
[BlackCountry "ESP"]
[BlackFideId "2226979"]
[BlackEloChange "1"]

1. e4 {[%clk 1:29:18]} d6 {[%clk 1:30:53]} 2. d4 {[%clk 1:29:43]} Nf6 {[%clk
1:31:19]} 3. Nc3 {[%clk 1:30:06]} Nbd7 {[%clk 1:31:43]} 4. f4 {[%clk 1:30:18]} e5
{[%clk 1:32:04]} 5. Nf3 {[%clk 1:30:24]} exd4 {[%clk 1:32:22]} 6. Nxd4 {[%clk
1:30:47]} g6 {[%clk 1:32:32]} 7. Be2 {[%clk 1:30:46]} Bg7 {[%clk 1:32:51]} 8. O-O
{[%clk 1:31:08]} O-O {[%clk 1:32:54]} 9. Bf3 {[%clk 1:30:58]} Re8 {[%clk
1:33:04]} 10. Re1 {[%clk 1:30:43]} c6 {[%clk 1:24:50]} 11. Be3 {[%clk 1:25:29]}
Nb6 {[%clk 1:18:07]} 12. Bf2 {[%clk 1:21:49]} d5 {[%clk 1:13:10]} 13. e5 {[%clk
1:16:21]} Nfd7 {[%clk 1:13:22]} 14. a4 {[%clk 1:11:47]} a5 {[%clk 1:12:11]} 15.
b3 {[%clk 0:50:56]} Nf8 {[%clk 1:08:41]} 16. Qd2 {[%clk 0:43:20]} Nbd7 {[%clk
1:02:09]} 17. Rad1 {[%clk 0:39:31]} Bh6 {[%clk 1:01:03]} 18. Be3 {[%clk 0:28:03]}
f6 {[%clk 0:51:15]} 19. e6 {[%clk 0:18:26]} Nxe6 {[%clk 0:46:08]} 20. Nxe6 {[%clk
0:16:59]} Rxe6 {[%clk 0:46:36]} 21. Nxd5 {[%clk 0:16:16]} Ra6 {[%clk 0:42:53]}
22. Nc3 {[%clk 0:14:57]} Kh8 {[%clk 0:37:31]} 23. Bg4 {[%clk 0:13:04]} Re7 {[%clk
0:36:27]} 24. Bc5 {[%clk 0:08:37]} Rxe1+ {[%clk 0:35:55]} 25. Rxe1 {[%clk
0:07:30]} f5 {[%clk 0:36:14]} 26. Bf3 {[%clk 0:06:32]} Bg7 {[%clk 0:34:15]} 27.
Bf2 {[%clk 0:04:41]} Ra8 {[%clk 0:33:50]} 28. Nd1 {[%clk 0:04:31]} Qf8 {[%clk
0:32:10]} 29. Ne3 {[%clk 0:03:52]} Nb6 {[%clk 0:32:22]} 30. Nxf5 {[%clk 0:03:17]}
Bxf5 {[%clk 0:29:57]} 31. Bxb6 {[%clk 0:03:39]} Qf6 {[%clk 0:29:57]} 32. Be3
{[%clk 0:02:16]} h5 {[%clk 0:28:45]} 33. Rd1 {[%clk 0:02:21]} Re8 {[%clk
0:27:35]} 34. Bf2 {[%clk 0:02:11]} Qb2 {[%clk 0:27:38]} 35. Re1 {[%clk 0:00:50]}
Rxe1+ {[%clk 0:27:04]} 36. Bxe1 {[%clk 0:00:36]} Bxc2 {[%clk 0:27:10]} 37. Qxa5
{[%clk 0:00:31]} Bxb3 {[%clk 0:25:27]} 38. Qd8+ {[%clk 0:00:00]} Kh7 {[%clk
0:25:27]} 0-1

[Event "Campeonato de España Veteranos 2017"]
[Site "Altea"]
[Date "2017.10.10"]
[Round "4"]
[White "Elissalt Cardenas, Hector"]
[Black "Gonzalez Custodio, Rafael"]
[Result "1-0"]
[Board "2"]
[WhiteTitle "IM"]
[WhiteElo "2324"]
[WhiteCountry "ESP"]
[WhiteFideId "3500632"]
[WhiteEloChange "4"]
[BlackElo "2105"]
[BlackCountry "ESP"]
[BlackFideId "2205653"]
[BlackEloChange "-4"]

1. d4 {[%clk 1:30:30]} Nf6 {[%clk 1:30:50]} 2. c4 {[%clk 1:22:52]} c5 {[%clk
1:31:14]} 3. d5 {[%clk 1:23:15]} d6 {[%clk 1:31:54]} 4. Nc3 {[%clk 1:23:15]} g6
{[%clk 1:32:16]} 5. e4 {[%clk 1:23:00]} Bg7 {[%clk 1:32:16]} 6. Bd3 {[%clk
1:20:57]} O-O {[%clk 1:32:26]} 7. h3 {[%clk 1:19:22]} e6 {[%clk 1:28:42]} 8. Nge2
{[%clk 1:19:02]} exd5 {[%clk 1:27:47]} 9. cxd5 {[%clk 1:19:01]} Nbd7 {[%clk
1:27:09]} 10. O-O {[%clk 1:15:57]} Re8 {[%clk 1:27:09]} 11. Ng3 {[%clk 1:16:20]}
a6 {[%clk 1:26:05]} 12. a4 {[%clk 1:05:19]} Rb8 {[%clk 1:21:25]} 13. f4 {[%clk
1:03:05]} h5 {[%clk 1:20:25]} 14. e5 {[%clk 1:03:34]} dxe5 {[%clk 1:20:25]} 15.
f5 {[%clk 1:01:27]} e4 {[%clk 1:08:33]} 16. Ngxe4 {[%clk 0:50:31]} Ne5 {[%clk
1:08:33]} 17. fxg6 {[%clk 0:50:51]} fxg6 {[%clk 1:04:47]} 18. Bg5 {[%clk
0:50:51]} Rf8 {[%clk 1:04:47]} 19. Nxf6+ {[%clk 0:51:01]} Bxf6 {[%clk 1:02:50]}
20. Rxf6 {[%clk 0:51:44]} Rxf6 {[%clk 1:02:02]} 21. Ne4 {[%clk 0:51:44]} Nd7
{[%clk 1:02:02]} 22. Nxf6+ {[%clk 0:50:51]} Nxf6 {[%clk 1:01:49]} 23. Bxg6 {[%clk
0:50:51]} Qd6 {[%clk 1:01:49]} 24. Bxf6 {[%clk 0:50:26]} Qxf6 {[%clk 1:01:12]}
25. Qxh5 {[%clk 0:50:26]} 1-0

[Event "Campeonato de España Veteranos 2017"]
[Site "Altea"]
[Date "2017.10.10"]
[Round "4"]
[White "Cantero Navarro, Antonio"]
[Black "Pastor Pons, Pedro Maria"]
[Result "1-0"]
[Board "5"]
[WhiteElo "2153"]
[WhiteCountry "ESP"]
[WhiteFideId "2203235"]
[WhiteEloChange "8"]
[BlackElo "2077"]
[BlackCountry "ESP"]
[BlackFideId "2203758"]
[BlackEloChange "-8"]

1. e4 {[%clk 1:30:58]} e5 {[%clk 1:30:36]} 2. Nf3 {[%clk 1:31:05]} Nc6 {[%clk
1:31:00]} 3. d4 {[%clk 1:31:00]} exd4 {[%clk 1:29:03]} 4. Nxd4 {[%clk 1:31:34]}
Bc5 {[%clk 1:28:55]} 5. Nb3 {[%clk 1:31:56]} Bb6 {[%clk 1:28:37]} 6. Nc3 {[%clk
1:32:18]} d6 {[%clk 1:17:14]} 7. a4 {[%clk 1:26:29]} a6 {[%clk 1:07:36]} 8. a5
{[%clk 1:23:50]} Ba7 {[%clk 1:07:32]} 9. Bd3 {[%clk 1:21:50]} Be6 {[%clk
1:06:01]} 10. O-O {[%clk 1:21:42]} Qd7 {[%clk 1:03:35]} 11. Nd5 {[%clk 1:18:23]}
O-O-O {[%clk 0:52:44]} 12. c4 {[%clk 0:48:27]} Ne5 {[%clk 0:45:34]} 13. Be2
{[%clk 0:46:17]} Bg4 {[%clk 0:45:12]} 14. Be3 {[%clk 0:45:56]} Bxe3 {[%clk
0:39:33]} 15. Nxe3 {[%clk 0:44:34]} Bxe2 {[%clk 0:38:15]} 16. Qxe2 {[%clk
0:44:55]} Nf6 {[%clk 0:38:26]} 17. f3 {[%clk 0:44:38]} Kb8 {[%clk 0:34:51]} 18.
Nd4 {[%clk 0:43:05]} c6 {[%clk 0:27:45]} 19. Rfd1 {[%clk 0:41:09]} Qc7 {[%clk
0:26:29]} 20. b4 {[%clk 0:40:06]} Rhe8 {[%clk 0:24:06]} 21. b5 {[%clk 0:39:04]}
Ka8 {[%clk 0:23:46]} 22. bxa6 {[%clk 0:39:19]} bxa6 {[%clk 0:24:00]} 23. Rdb1
{[%clk 0:33:23]} c5 {[%clk 0:20:43]} 24. Ndc2 {[%clk 0:28:27]} Rb8 {[%clk
0:20:55]} 25. Rd1 {[%clk 0:26:34]} g6 {[%clk 0:19:46]} 26. Qd2 {[%clk 0:25:57]}
Red8 {[%clk 0:18:28]} 27. Ra3 {[%clk 0:25:51]} Ka7 {[%clk 0:18:06]} 28. Ne1
{[%clk 0:20:46]} Nc6 {[%clk 0:16:56]} 29. Qc3 {[%clk 0:20:51]} Qe7 {[%clk
0:16:51]} 30. N1c2 {[%clk 0:12:48]} Qe5 {[%clk 0:16:19]} 31. Qd2 {[%clk 0:12:48]}
Rb7 {[%clk 0:11:35]} 32. Rd3 {[%clk 0:12:47]} Ne8 {[%clk 0:11:06]} 33. Nd5 {[%clk
0:12:32]} Rb2 {[%clk 0:10:29]} 34. Qc1 {[%clk 0:08:43]} Rb7 {[%clk 0:10:34]} 35.
Qa3 {[%clk 0:08:41]} Qb2 {[%clk 0:09:35]} 36. Qa4 {[%clk 0:08:45]} Ne5 {[%clk
0:10:03]} 37. Ra3 {[%clk 0:08:16]} g5 {[%clk 0:09:22]} 38. Nb6 {[%clk 0:07:35]}
Rc7 {[%clk 0:08:17]} 39. Ra2 {[%clk 0:05:12]} Qc3 {[%clk 0:08:28]} 40. Ra3 {[%clk
0:05:37]} Qb2 {[%clk 0:08:53]} 41. Ra2 {[%clk 0:05:48]} Qc3 {[%clk 0:09:22]} 42.
Rb1 {[%clk 0:05:54]} Qd2 {[%clk 0:08:40]} 43. Rab2 {[%clk 0:06:02]} Nd3 {[%clk
0:08:50]} 44. Ra2 {[%clk 0:05:16]} Nf6 {[%clk 0:09:07]} 45. Qb3 {[%clk 0:04:56]}
Nc1 {[%clk 0:04:53]} 46. Nc8+ {[%clk 0:04:56]} 1-0

[Event "Campeonato de España Veteranos 2017"]
[Site "Altea"]
[Date "2017.10.10"]
[Round "4"]
[White "Garcia Galeote, Lorenzo"]
[Black "Fernandez Hernandez, Gerardo"]
[Result "0-1"]
[Board "8"]
[WhiteElo "1998"]
[WhiteCountry "ESP"]
[WhiteFideId "2207745"]
[WhiteEloChange "-5"]
[BlackTitle "CM"]
[BlackElo "2178"]
[BlackCountry "ESP"]
[BlackFideId "2207400"]
[BlackEloChange "5"]

1. f4 {[%clk 1:30:56]} d5 {[%clk 1:30:08]} 2. Nf3 {[%clk 1:31:09]} Nf6 {[%clk
1:30:33]} 3. e3 {[%clk 1:31:26]} Bg4 {[%clk 1:30:44]} 4. Be2 {[%clk 1:31:28]}
Nbd7 {[%clk 1:30:49]} 5. b3 {[%clk 1:28:12]} e6 {[%clk 1:29:45]} 6. Bb2 {[%clk
1:28:02]} Bd6 {[%clk 1:28:20]} 7. Ne5 {[%clk 1:27:00]} Bxe2 {[%clk 1:28:16]} 8.
Qxe2 {[%clk 1:27:23]} O-O {[%clk 1:25:28]} 9. O-O {[%clk 1:27:43]} Ne8 {[%clk
1:21:09]} 10. c4 {[%clk 1:21:43]} c6 {[%clk 1:19:16]} 11. d3 {[%clk 1:17:22]} f6
{[%clk 1:14:14]} 12. Qg4 {[%clk 1:11:32]} fxe5 {[%clk 1:03:34]} 13. Qxe6+ {[%clk
1:11:01]} Kh8 {[%clk 1:03:11]} 14. cxd5 {[%clk 1:09:03]} Nc5 {[%clk 0:54:55]} 15.
Qg4 {[%clk 1:07:11]} Nxd3 {[%clk 0:53:49]} 16. Ba3 {[%clk 1:05:19]} Qb6 {[%clk
0:45:28]} 17. Rf3 {[%clk 0:58:59]} Rxf4 {[%clk 0:35:09]} 18. Bxd6 {[%clk
0:57:55]} Nxd6 {[%clk 0:35:36]} 0-1